Sevilla FC Squad 2020-2021 - Statistics

General Stats
  • This quiz has been taken 51 times
    45 since last reset
  • The average score is 20 of 28
Answer Stats
# Position Nation Player % Correct
5 FW Argentina Lucas Ocampos
100%
10 MF Croatia Ivan Rakitić
95%
13 GK Morocco Yassine Bounou
95%
15 FW Morocco Youssef En-Nesyri
95%
20 DF Brazil Diego Carlos
89%
25 MF Brazil Fernando Reges
89%
12 DF France Jules Koundé
89%
9 FW Netherlands Luuk de Jong
89%
19 DF Argentina Marcos Acuña
89%
1 GK Czech Republic Tomáš Vaclík
89%
8 MF Spain Joan Jordán
84%
4 DF Netherlands Karim Rekik
84%
11 FW Morocco Munir El Haddadi
84%
7 FW Spain Suso
84%
16 DF Spain Jesús Navas
79%
6 MF Serbia Nemanja Gudelj
79%
24 FW Argentina Papu Gómez
79%
3 DF Spain Sergi Gómez
79%
18 DF Spain Sergio Escudero
74%
- Coach Spain Julen Lopetegui
68%
21 MF Spain Óliver Torres
58%
22 MF Argentina Franco Vázquez
53%
14 MF Spain Óscar Rodríguez
47%
2 DF France Joris Gnagnon
42%
23 FW Morocco Oussama Idrissi
42%
17 DF Spain Aleix Vidal
32%
24 FW Spain Carlos Fernández
32%
31 GK Spain Javi Díaz
26%
No matching quizzes found
Score Distribution
Percent of People with Each Score
Percentile by Number Answered
Your Score History
You have not taken this quiz since the last reset